Central Library OPAC University of Rajshahi
Normal view MARC view

Entry Personal Name

Number of records used in: 3

001 - CONTROL NUMBER

  • control field: 15612

003 - CONTROL NUMBER IDENTIFIER

  • control field: BD-RjUL

005 - DATE AND TIME OF LATEST TRANSACTION

  • control field: 20250520112346.0

008 - FIXED-LENGTH DATA ELEMENTS

  • fixed length control field: 250520|| aca||aabn | a|a d

040 ## - CATALOGING SOURCE

  • Original cataloging agency: BD-RjUL
  • Transcribing agency: BD-RjUL

100 ## - HEADING--PERSONAL NAME

  • Personal name: فاروقى، نثار احمدFārūqī, Nis̲ār Aḥmad,
  • Dates associated with a name: 1936-

670 ## - SOURCE DATA FOUND

  • Source citation: Work cat.: (BD-RjUL)84958: فاروقى، نثار احمدFārūqī, Nis̲ār Aḥmad, 1936-, تلاش غالب : يعنى مرزا غالب كے تيره غير مطبوعه خطوط، نو دريافت كلام، اور فكر و فن پر تحقيقى مضامين كا مجموعه / Talāsh-i G̲h̲ālib : yāʻnī Mirzā G̲h̲ālib ke tairah g̲h̲air mat̤būʻah k̲h̲ut̤ūt̤, nau daryāft kalām, aur fikr o fann par taḥqīqī maz̤āmīn kā majmūʻah /, [1969]